<?xml version="1.0" encoding="UTF-8"?>
<record
    xmlns:xsi="http://www.w3.org/2001/XMLSchema-instance"
    xsi:schemaLocation="http://www.loc.gov/MARC21/slim http://www.loc.gov/standards/marcxml/schema/MARC21slim.xsd"
    xmlns="http://www.loc.gov/MARC21/slim">

  <leader>00561nam a22001937a 4500</leader>
  <controlfield tag="003">BDCtgAUW</controlfield>
  <controlfield tag="005">20260308113617.0</controlfield>
  <controlfield tag="008">260308b        fr ||||| |||| 00| 0 fre d</controlfield>
  <datafield tag="020" ind1=" " ind2=" ">
    <subfield code="a">9782014015973</subfield>
  </datafield>
  <datafield tag="040" ind1=" " ind2=" ">
    <subfield code="a">BDCtgAUW</subfield>
    <subfield code="c">BDCtgAUW</subfield>
    <subfield code="d">BDCtgAUW</subfield>
  </datafield>
  <datafield tag="041" ind1=" " ind2=" ">
    <subfield code="a">fre</subfield>
  </datafield>
  <datafield tag="100" ind1="1" ind2="0">
    <subfield code="a"> Hirschsprung,  Nathalie.</subfield>
    <subfield code="e">author</subfield>
    <subfield code="9">91242</subfield>
  </datafield>
  <datafield tag="245" ind1=" " ind2=" ">
    <subfield code="a">Cosmopolite 1 = Livre de l'&#xE9;l&#xE8;ve (A1)</subfield>
  </datafield>
  <datafield tag="260" ind1=" " ind2=" ">
    <subfield code="a">&#x200E; Franch :</subfield>
    <subfield code="b">Hachette;</subfield>
    <subfield code="c">2017.</subfield>
  </datafield>
  <datafield tag="300" ind1=" " ind2=" ">
    <subfield code="a">224 pages ;</subfield>
    <subfield code="c">24cm.</subfield>
  </datafield>
  <datafield tag="650" ind1=" " ind2=" ">
    <subfield code="a">French grammar</subfield>
    <subfield code="9">91243</subfield>
  </datafield>
  <datafield tag="700" ind1="1" ind2="0">
    <subfield code="a">  Tricot,  Tony.</subfield>
    <subfield code="e">author</subfield>
    <subfield code="9">91244</subfield>
  </datafield>
  <datafield tag="942" ind1=" " ind2=" ">
    <subfield code="2">lcc</subfield>
    <subfield code="c">BK</subfield>
    <subfield code="n">0</subfield>
  </datafield>
  <datafield tag="952" ind1=" " ind2=" ">
    <subfield code="0">0</subfield>
    <subfield code="1">0</subfield>
    <subfield code="2">lcc</subfield>
    <subfield code="4">0</subfield>
    <subfield code="7">0</subfield>
    <subfield code="8">NFIC</subfield>
    <subfield code="a">AUWL</subfield>
    <subfield code="b">AUWL</subfield>
    <subfield code="c">GEN</subfield>
    <subfield code="d">2026-01-24</subfield>
    <subfield code="e">MA in Education, AUW</subfield>
    <subfield code="l">0</subfield>
    <subfield code="p">033280</subfield>
    <subfield code="r">2026-03-08 11:37:37</subfield>
    <subfield code="w">2026-03-08</subfield>
    <subfield code="y">BK</subfield>
  </datafield>
  <datafield tag="952" ind1=" " ind2=" ">
    <subfield code="0">0</subfield>
    <subfield code="1">0</subfield>
    <subfield code="2">lcc</subfield>
    <subfield code="4">0</subfield>
    <subfield code="7">0</subfield>
    <subfield code="8">NFIC</subfield>
    <subfield code="a">AUWL</subfield>
    <subfield code="b">AUWL</subfield>
    <subfield code="c">GEN</subfield>
    <subfield code="d">2026-01-24</subfield>
    <subfield code="e">MA in Education, AUW</subfield>
    <subfield code="l">0</subfield>
    <subfield code="p">033281</subfield>
    <subfield code="r">2026-03-08 11:37:37</subfield>
    <subfield code="w">2026-03-08</subfield>
    <subfield code="y">BK</subfield>
  </datafield>
  <datafield tag="952" ind1=" " ind2=" ">
    <subfield code="0">0</subfield>
    <subfield code="1">0</subfield>
    <subfield code="2">lcc</subfield>
    <subfield code="4">0</subfield>
    <subfield code="7">0</subfield>
    <subfield code="8">NFIC</subfield>
    <subfield code="a">AUWL</subfield>
    <subfield code="b">AUWL</subfield>
    <subfield code="c">GEN</subfield>
    <subfield code="d">2026-01-24</subfield>
    <subfield code="e">MA in Education, AUW</subfield>
    <subfield code="l">0</subfield>
    <subfield code="p">033282</subfield>
    <subfield code="r">2026-03-08 11:37:37</subfield>
    <subfield code="w">2026-03-08</subfield>
    <subfield code="y">BK</subfield>
  </datafield>
  <datafield tag="952" ind1=" " ind2=" ">
    <subfield code="0">0</subfield>
    <subfield code="1">0</subfield>
    <subfield code="2">lcc</subfield>
    <subfield code="4">0</subfield>
    <subfield code="7">0</subfield>
    <subfield code="8">NFIC</subfield>
    <subfield code="a">AUWL</subfield>
    <subfield code="b">AUWL</subfield>
    <subfield code="c">GEN</subfield>
    <subfield code="d">2026-01-24</subfield>
    <subfield code="e">MA in Education, AUW</subfield>
    <subfield code="l">0</subfield>
    <subfield code="p">033283</subfield>
    <subfield code="r">2026-03-08 11:37:37</subfield>
    <subfield code="w">2026-03-08</subfield>
    <subfield code="y">BK</subfield>
  </datafield>
  <datafield tag="952" ind1=" " ind2=" ">
    <subfield code="0">0</subfield>
    <subfield code="1">0</subfield>
    <subfield code="2">lcc</subfield>
    <subfield code="4">0</subfield>
    <subfield code="7">0</subfield>
    <subfield code="8">NFIC</subfield>
    <subfield code="a">AUWL</subfield>
    <subfield code="b">AUWL</subfield>
    <subfield code="c">GEN</subfield>
    <subfield code="d">2026-01-24</subfield>
    <subfield code="e">MA in Education, AUW</subfield>
    <subfield code="l">0</subfield>
    <subfield code="p">033284</subfield>
    <subfield code="r">2026-03-08 11:37:37</subfield>
    <subfield code="w">2026-03-08</subfield>
    <subfield code="y">BK</subfield>
  </datafield>
  <datafield tag="952" ind1=" " ind2=" ">
    <subfield code="0">0</subfield>
    <subfield code="1">0</subfield>
    <subfield code="2">lcc</subfield>
    <subfield code="4">0</subfield>
    <subfield code="7">0</subfield>
    <subfield code="8">NFIC</subfield>
    <subfield code="a">AUWL</subfield>
    <subfield code="b">AUWL</subfield>
    <subfield code="c">GEN</subfield>
    <subfield code="d">2026-01-24</subfield>
    <subfield code="e">MA in Education, AUW</subfield>
    <subfield code="l">0</subfield>
    <subfield code="p">033285</subfield>
    <subfield code="r">2026-03-08 11:37:37</subfield>
    <subfield code="w">2026-03-08</subfield>
    <subfield code="y">BK</subfield>
  </datafield>
  <datafield tag="952" ind1=" " ind2=" ">
    <subfield code="0">0</subfield>
    <subfield code="1">0</subfield>
    <subfield code="2">lcc</subfield>
    <subfield code="4">0</subfield>
    <subfield code="7">0</subfield>
    <subfield code="8">NFIC</subfield>
    <subfield code="a">AUWL</subfield>
    <subfield code="b">AUWL</subfield>
    <subfield code="c">GEN</subfield>
    <subfield code="d">2026-01-24</subfield>
    <subfield code="e">MA in Education, AUW</subfield>
    <subfield code="l">0</subfield>
    <subfield code="p">033286</subfield>
    <subfield code="r">2026-03-08 11:37:37</subfield>
    <subfield code="w">2026-03-08</subfield>
    <subfield code="y">BK</subfield>
  </datafield>
  <datafield tag="952" ind1=" " ind2=" ">
    <subfield code="0">0</subfield>
    <subfield code="1">0</subfield>
    <subfield code="2">lcc</subfield>
    <subfield code="4">0</subfield>
    <subfield code="7">0</subfield>
    <subfield code="8">NFIC</subfield>
    <subfield code="a">AUWL</subfield>
    <subfield code="b">AUWL</subfield>
    <subfield code="c">GEN</subfield>
    <subfield code="d">2026-01-24</subfield>
    <subfield code="e">MA in Education, AUW</subfield>
    <subfield code="l">0</subfield>
    <subfield code="p">033287</subfield>
    <subfield code="r">2026-03-08 11:37:37</subfield>
    <subfield code="w">2026-03-08</subfield>
    <subfield code="y">BK</subfield>
  </datafield>
  <datafield tag="952" ind1=" " ind2=" ">
    <subfield code="0">0</subfield>
    <subfield code="1">0</subfield>
    <subfield code="2">lcc</subfield>
    <subfield code="4">0</subfield>
    <subfield code="7">0</subfield>
    <subfield code="8">NFIC</subfield>
    <subfield code="a">AUWL</subfield>
    <subfield code="b">AUWL</subfield>
    <subfield code="c">GEN</subfield>
    <subfield code="d">2026-01-24</subfield>
    <subfield code="e">MA in Education, AUW</subfield>
    <subfield code="l">0</subfield>
    <subfield code="p">033288</subfield>
    <subfield code="r">2026-03-08 11:37:37</subfield>
    <subfield code="w">2026-03-08</subfield>
    <subfield code="y">BK</subfield>
  </datafield>
  <datafield tag="952" ind1=" " ind2=" ">
    <subfield code="0">0</subfield>
    <subfield code="1">0</subfield>
    <subfield code="2">lcc</subfield>
    <subfield code="4">0</subfield>
    <subfield code="7">0</subfield>
    <subfield code="8">NFIC</subfield>
    <subfield code="a">AUWL</subfield>
    <subfield code="b">AUWL</subfield>
    <subfield code="c">GEN</subfield>
    <subfield code="d">2026-01-24</subfield>
    <subfield code="e">MA in Education, AUW</subfield>
    <subfield code="l">0</subfield>
    <subfield code="p">033289</subfield>
    <subfield code="r">2026-03-08 11:37:37</subfield>
    <subfield code="w">2026-03-08</subfield>
    <subfield code="y">BK</subfield>
  </datafield>
  <datafield tag="952" ind1=" " ind2=" ">
    <subfield code="0">0</subfield>
    <subfield code="1">0</subfield>
    <subfield code="2">lcc</subfield>
    <subfield code="4">0</subfield>
    <subfield code="7">0</subfield>
    <subfield code="8">NFIC</subfield>
    <subfield code="a">AUWL</subfield>
    <subfield code="b">AUWL</subfield>
    <subfield code="c">GEN</subfield>
    <subfield code="d">2026-01-24</subfield>
    <subfield code="e">MA in Education, AUW</subfield>
    <subfield code="l">0</subfield>
    <subfield code="p">033290</subfield>
    <subfield code="r">2026-03-08 11:37:37</subfield>
    <subfield code="w">2026-03-08</subfield>
    <subfield code="y">BK</subfield>
  </datafield>
  <datafield tag="952" ind1=" " ind2=" ">
    <subfield code="0">0</subfield>
    <subfield code="1">0</subfield>
    <subfield code="2">lcc</subfield>
    <subfield code="4">0</subfield>
    <subfield code="7">0</subfield>
    <subfield code="8">NFIC</subfield>
    <subfield code="a">AUWL</subfield>
    <subfield code="b">AUWL</subfield>
    <subfield code="c">GEN</subfield>
    <subfield code="d">2026-01-24</subfield>
    <subfield code="e">MA in Education, AUW</subfield>
    <subfield code="l">0</subfield>
    <subfield code="p">033291</subfield>
    <subfield code="r">2026-03-08 11:37:37</subfield>
    <subfield code="w">2026-03-08</subfield>
    <subfield code="y">BK</subfield>
  </datafield>
  <datafield tag="999" ind1=" " ind2=" ">
    <subfield code="c">16336</subfield>
    <subfield code="d">16336</subfield>
  </datafield>
  <datafield tag="887" ind1=" " ind2=" ">
    <subfield code="2">8</subfield>
    <subfield code="a">Papia Akter</subfield>
  </datafield>
  <datafield tag="888" ind1=" " ind2=" ">
    <subfield code="2">8</subfield>
  </datafield>
</record>
